000 00498nam a2200169 i 4500
001 bg
100 1 _aCISŁO, Wiesława
245 0 _aRysunek techniczny :
_b(graficzny zapis konstrukcji maszynowych) /
_cWiesława Cisło, Wiesława Czarnecka, Stefan Waczyński.
260 _aCzęstochowa,
_c1982.
700 1 _aCZARNECKA, Wiesława
700 1 _aWACZYŃSKI, Stefan
040 _cBPK
041 _apol
080 _a744:621](075.8)
942 _cKS
008 s pl f |000 0 pol
999 _c20944
_d20944
856 _uhttp://koha.tu.koszalin.pl/cgi-bin/koha/opac-detail.pl?biblionumber=20944
_yKatalog online BPK